MARC

LEADER 00000nam0a2200000 4500
001 125329
005 20231101215926.0
010 |a 0849375630 
035 |a (RuTPU)RU\TPU\book\135624 
090 |a 125329 
100 |a 20071115d2007 k y0engy50 ba 
101 0 |a eng 
102 |a US 
105 |a a z 001zy 
200 1 |a Handbook of Nanoscience, Engineering and Technology  |f edited by W. A. Goddard III, D. W. Brenner, S. E. Lyshevski, G. J. Iafrate 
205 |a Second Edition 
210 |a New York  |c CRC Press  |d 2007 
215 |a 1507 p.  |c ил. 
225 1 |a The Electrical Engineering Handbook Series 
320 |a Библиография в конце глав. 
320 |a Index: p. I-1-I-31. 
606 1 |a Физика твердого тела  |2 stltpush  |3 (RuTPU)RU\TPU\subj\63727  |9 80702 
610 1 |a физика 
610 1 |a молекулярная физика 
610 1 |a микроструктуры 
610 1 |a наноструктуры 
610 1 |a применение 
610 1 |a теория 
610 1 |a нанотехнология 
610 1 |a английский язык 
675 |a 539.2  |v 3 
702 1 |a Goddard III  |b W. A.  |g William A.  |4 340 
702 1 |a Brenner  |b D. W.  |g William A.  |4 340 
702 1 |a Lyshevski  |b S. E.  |g Sergey E.  |4 340 
702 1 |a Iafrate  |b G. J.  |g Gerald J.  |4 340 
801 1 |a RU  |b 63413507  |c 20071115  |g PSBO 
801 2 |a RU  |b 63413507  |c 20150305  |g PSBO 
942 |c BK